Normal view MARC view
  • Lefebvre, Henri,

Entry Nombre Personal

Number of records used in: 10

001 - NUMERO DE CONTROL

  • campo de control: 28974

003 - IDENTIFICADOR DE NUMERO DE CONTROL

  • campo de control: UPN

005 - FECHA Y HORA DE LA ÜLTIMA TRANSACCIÓN

  • campo de control: 20210219194359.0

008 - DATOS DE LONGITUD FIJA

  • campo de control de longitud fija: nabaccnnaabn|||||||||| b |nc|||||d

035 ## - NUMERO DE CONTROL

  • Número de control: UPN11000001080

040 ## - FUENTE DE CATALOGACIÓN

  • Lenguaje de catalogación: SPA
  • Agencia de transcripción: UPN

100 1# - ENCABEZAMIENTO - NOMBRE PERSONAL

  • Nombre personal: Lefebvre, Henri,
  • Fechas asociadas con el nombre: 1902-1991

670 ## - FUENTE EN LA QUE SE LOCALIZARON DATOS

  • Cita de la fuente: T
  • Información localizada: Salvat universal

680 ## - NOTA PUBLICA DE ACCESO PÚBLICO

  • Frase explicativa de la referencia: Sociólogo marxista, intelectual y filósofo francés

902 ## - CATALOGADOR

  • Catalogador: DAA/250208